[Event "ROM-ch U08"]
[Site "Baile Felix"]
[Date "2017.02.07"]
[Round "7"]
[White "Lupse, Ioan"]
[Black "Ungureanu, Cristian"]
[Result "1-0"]
[WhiteElo "1037"]
[BlackElo "1001"]
[PlyCount "31"]
[EventDate "2017.02.02"]
[EventType "swiss"]
[EventRounds "9"]
[EventCountry "ROU"]
[SourceTitle "CBM 176 Extra"]
[Source "ChessBase"]
[SourceDate "2017.03.02"]
[SourceVersion "1"]
[SourceVersionDate "2017.03.02"]
[SourceQuality "1"]

1. d4 d5 2. e3 Nf6 3. f4 e6 4. Nf3 Bd6 5. Bd3 0-0 6. 0-0 Nc6 7. c3 Bd7 8. Ne5 Bxe5 9. fxe5 Ne4 10. Nd2 Nxd2 11. Bxd2 Qe7 12. Bxh7+ Kxh7 13. Qh5+ Kg8 14. Rf3 Rfd8 15. Rh3 Qe8 16. Qh8# 1-0

[Event "ROM-ch U08"]
[Site "Baile Felix"]
[Date "2017.02.03"]
[Round "2"]
[White "Savin, Mihai"]
[Black "Ungureanu, Cristian"]
[Result "1-0"]
[WhiteElo "1144"]
[BlackElo "1001"]
[PlyCount "35"]
[EventDate "2017.02.02"]
[EventType "swiss"]
[EventRounds "9"]
[EventCountry "ROU"]
[SourceTitle "CBM 176 Extra"]
[Source "ChessBase"]
[SourceDate "2017.03.02"]
[SourceVersion "1"]
[SourceVersionDate "2017.03.02"]
[SourceQuality "1"]

1. e4 e6 2. d4 d5 3. e5 c5 4. c3 Nc6 5. Nf3 Qb6 6. Bd3 Bd7 7. dxc5 Qxc5 8. b4 Qe7 9. Bg5 f6 10. exf6 gxf6 11. Be3 Qd8 12. 0-0 Bd6 13. Nbd2 Nge7 14. Qe2 0-0 15. Bc2 Ng6 16. Qd3 Be8 17. Nh4 Nxh4 18. Qxh7# 1-0